Steden van Utrecht - Statistics

General Stats
  • This quiz has been taken 45 times
  • The average score is 7 of 18
Answers on the Map
Answers color-coded by a green-red scale on the quiz's map according to % correct below.
 
Answer Stats
answer % Correct
Utrecht
100%
Amersfoort
84%
Woerden
72%
IJsselstein
67%
Vianen
65%
Bunschoten
49%
Baarn
40%
Montfoort
40%
Oudewater
35%
Rhenen
33%
Wijk bij Duurstede
30%
Leerdam
28%
Austerlitz
14%
Ameide
12%
Eembrugge
5%
Vreeland
5%
Eemnes-Binnen
2%
Eemnes-Buiten
2%
No matching quizzes found
Score Distribution
Percent of People with Each Score
Percentile by Number Answered
Your Score History
You have not taken this quiz